| 000 | 00796nmc a2200277 a 4500 | ||
|---|---|---|---|
| 003 | AR-X00000XY | ||
| 005 | 20251128211844.0 | ||
| 008 | 096120s1994 ||||||||||||||000 | spa|| | ||
| 020 | _a1-85326-422-9 | ||
| 040 | _cAR-X00000XY | ||
| 100 | 1 |
_aLongfellow, Henry Wadsworth _d1807-1882 |
|
| 245 | 1 | 0 | _aThe works of Henry Wadsworth Longfellow |
| 260 |
_aHertfordshire _bWordsworth Editions _c1994 |
||
| 300 | 1 | _axiv, 886 p. | |
| 490 | 0 | _aWordsworth Poetry Library | |
| 500 | 0 | _aContiene índice de primeros versos | |
| 504 | _aContiene referencias bibliográficas | ||
| 650 | 4 | _aPOETAS | |
| 650 | 4 | _aLITERATURA ESTADOUNIDENSE | |
| 650 | 4 | _aPOESIA | |
| 650 | 4 | _aSIGLO DIECINUEVE | |
| 655 | _aLITERATURA | ||
| 700 | 1 |
_aGlover, Albert _eprologuista |
|
| 942 | _cBK | ||
| 998 | _cmartin | ||
| 999 |
_c21396 _d21396 |
||